|
|
|
|
| LEADER |
00000nam2a2200000 4500 |
| 001 |
44127 |
| 005 |
20231031021905.0 |
| 035 |
|
|
|a (RuTPU)RU\TPU\book\45758
|
| 090 |
|
|
|a 44127
|
| 100 |
|
|
|a 20021105d1978 k y0rusy50 ca
|
| 101 |
1 |
|
|a rus
|c eng
|
| 102 |
|
|
|a RU
|
| 105 |
|
|
|a y z 001zy
|
| 200 |
0 |
|
|a Т. 1
|
| 210 |
|
|
|d 1978
|
| 215 |
|
|
|a 569 с.
|
| 320 |
|
|
|a Библиогр. в конце глав.
|
| 461 |
|
1 |
|0 (RuTPU)RU\TPU\book\45754
|t Теория дефектов в твердых телах
|d 1978-
|a Стоунхэм, А. М.
|
| 461 |
|
|
|t Электронная структура дефектов в диэлектриках и полупроводниках
|o Пер. с англ.
|f А. М. Стоунхэм
|v Т. 1
|
| 610 |
1 |
|
|a физика
|
| 610 |
1 |
|
|a твердые тела
|
| 610 |
1 |
|
|a теория
|
| 610 |
1 |
|
|a дефекты
|
| 610 |
1 |
|
|a электронная структура
|
| 610 |
1 |
|
|a диэлектрики
|
| 610 |
1 |
|
|a полупроводники
|
| 610 |
1 |
|
|a кристаллы
|
| 610 |
1 |
|
|a решетки
|
| 610 |
1 |
|
|a функции Грина
|
| 610 |
1 |
|
|a свойства
|
| 610 |
1 |
|
|a эффект Штарка
|
| 610 |
1 |
|
|a эффект Зеемана
|
| 610 |
1 |
|
|a электронный спиновой резонанс
|
| 610 |
1 |
|
|a свободные носители
|
| 610 |
1 |
|
|a безызлучательные переходы
|
| 675 |
|
|
|a 539.2
|v 3
|
| 801 |
|
1 |
|a RU
|b 63413507
|c 20021105
|g PSBO
|
| 801 |
|
2 |
|a RU
|b 63413507
|c 20150313
|g PSBO
|
| 900 |
|
|
|a Радиационная физика твердого тела
|
| 942 |
|
|
|c BK
|